Make Mine a Double, or Not! Quiz Stats

 Plays Quiz Updated Oct 4, 2017

Also try: -ence or -ance?
Challenge
Share
Tweet
Embed
Score 0/16 Timer 03:00
1 Play Today
Single (S) Answer % Correct
adress???
97.3%
comittee???
93.8%
imediate???
93.2%
disappear???
90.9%
camaraderie???
89.6%
across???
88.7%
acommodation???
88.1%
satelite???
86.7%
Single (S) Answer % Correct
recommend???
86.6%
exagerate???
83%
mispell???
73.9%
occasionally???
69.8%
embarass???
69%
auxiliary???
56%
drunkeness???
50.6%
inoculate???
25.6%

You're not logged in!

Compare scores with friends on all Sporcle quizzes.
OR
Log In

You Might Also Like...

Show Comments

Extras

Top Quizzes Today


Score Distribution

Your Account Isn't Verified!

In order to create a playlist on Sporcle, you need to verify the email address you used during registration. Go to your Sporcle Settings to finish the process.

Report this User

Report this user for behavior that violates our Community Guidelines.

Details: